[Event "Frankfurt Ch 2010"]
[Site "Ffm-Kalbach, LAZ"]
[Date "2010.05.10"]
[Round "3.22"]
[White "Tews, Artur"]
[Black "Orlinski, Wolfgang"]
[Result "0-1"]
[WhiteElo "1765"]
[BlackElo "1967"]
[PlyCount "70"]
[EventDate "2010.??.??"]
[SourceDate "2009.03.13"]
[WhiteTeam "Bad Vilbeler Sfr.1985"]
[BlackTeam "Sfr. Frankfurt 1921"]

1. c4 Nf6 2. Nc3 c5 3. e4 Nc6 4. d3 g6 5. g3 Bg7 6. Bg2 O-O 7. Nge2 d6 8. O-O
Rb8 9. a4 a6 10. h3 Ne8 11. f4 f5 12. exf5 gxf5 13. Be3 Nd4 14. Bxd4 cxd4 15.
Nd5 e6 16. Nb4 a5 17. Nc2 Bd7 18. Na3 Bc6 19. Nb5 Qb6 20. Qd2 Nc7 21. b4 Bxg2
22. Kxg2 Nxb5 23. axb5 axb4 24. Qxb4 Ra8 25. g4 fxg4 26. hxg4 Rxa1 27. Rxa1 e5
28. Rf1 Qd8 29. Kh3 Qf6 30. Qe1 exf4 31. Nxf4 Bh6 32. Qe4 Bxf4 33. Qd5+ Kh8 34.
Kg2 Qe5 35. Qxb7 Qe2+ 0-1

[Event "Frankfurt Ch 2010"]
[Site "Ffm-Kalbach, LAZ"]
[Date "2010.05.10"]
[Round "3.23"]
[White "Larem, Peter"]
[Black "Henzner, Reiner"]
[Result "1-0"]
[WhiteElo "1921"]
[BlackElo "2082"]
[PlyCount "91"]
[EventDate "2010.??.??"]
[SourceDate "2009.03.13"]
[WhiteTeam "SC 1950 Eppertshausen"]
[BlackTeam "SV Oberursel"]

1. e4 c6 2. d4 d5 3. Nc3 dxe4 4. Nxe4 Bf5 5. Ng3 Bg6 6. h4 h6 7. Nf3 Nf6 8. h5
Bh7 9. Bd3 Bxd3 10. Qxd3 e6 11. Be3 Nbd7 12. O-O-O Bd6 13. Ne2 Qa5 14. Kb1 O-O
15. Nh2 e5 16. Qf5 Qc7 17. dxe5 Nxe5 18. Bxh6 Rfe8 19. Bxg7 Kxg7 20. h6+ Kf8
21. Qxf6 Ng6 22. Qxd6+ Qxd6 23. Rxd6 Rxe2 24. Ng4 Ke7 25. Rhd1 Nf8 26. R6d3 Re6
27. Re3 f5 28. Rxe6+ Kxe6 29. Re1+ Kf7 30. Ne5+ Kf6 31. f4 Rd8 32. g3 Rd2 33.
Nf3 Rf2 34. Ng5 Rh2 35. h7 Nxh7 36. Re6+ Kg7 37. Re7+ Kg8 38. Rxh7 Rxh7 39.
Nxh7 Kxh7 40. Kc1 Kg7 41. Kd2 Kg6 42. Ke3 Kh6 43. Kd4 Kh5 44. Ke5 Kg4 45. b4 b6
46. c4 1-0

[Event "Frankfurt Ch 2010"]
[Site "Ffm-Kalbach, LAZ"]
[Date "2010.05.10"]
[Round "3.24"]
[White "Poetsch, Hagen"]
[Black "Riha, Peter"]
[Result "1-0"]
[WhiteElo "2366"]
[BlackElo "1821"]
[PlyCount "69"]
[EventDate "2010.??.??"]
[SourceDate "2009.03.13"]
[WhiteTeam "VSG 1880 Offenbach"]
[BlackTeam "SC Bergen-Enkheim 1922"]

1. e4 e5 2. Nf3 Nc6 3. Bc4 Bc5 4. c3 Nf6 5. d4 exd4 6. e5 d5 7. Bb5 Ne4 8. cxd4
Bb6 9. Nc3 O-O 10. Be3 Bg4 11. Qb3 Ne7 12. Bd3 Nxc3 13. Qxc3 Bf5 14. Be2 c6 15.
O-O Bg4 16. Qc2 Qd7 17. h3 Bf5 18. Qd2 Rae8 19. g4 Be4 20. Ng5 Bg6 21. f4 Be4
22. f5 f6 23. e6 Qd8 24. Nf7 Rxf7 25. exf7+ Kxf7 26. a4 Nc8 27. a5 Bc7 28. Bf4
Nd6 29. Ra3 Qe7 30. Qb4 Bxf5 31. gxf5 Qxe2 32. Bxd6 Re3 33. Bxc7 Rxh3 34. Rxh3
Qg4+ 35. Rg3 1-0

[Event "Frankfurt Ch 2010"]
[Site "Ffm-Kalbach, LAZ"]
[Date "2010.05.10"]
[Round "3.25"]
[White "Brüggemann, Ludger"]
[Black "Weber, Andreas"]
[Result "1-0"]
[WhiteElo "2188"]
[BlackElo "1895"]
[PlyCount "23"]
[EventDate "2010.??.??"]
[SourceDate "2009.03.13"]
[WhiteTeam "SF Olfen 1975"]
[BlackTeam "Sfr. Frankfurt 1921"]

1. e4 e5 2. f4 d5 3. exd5 Bc5 4. Nc3 Bxg1 5. Rxg1 Qh4+ 6. g3 Qxh2 7. Rg2 Qh1 8.
Kf2 Bh3 9. Bb5+ c6 10. Qxh1 Bxg2 11. Qxg2 cxb5 12. Nxb5 1-0

[Event "Frankfurt Ch 2010"]
[Site "Ffm-Kalbach, LAZ"]
[Date "2010.05.10"]
[Round "3.26"]
[White "Kaliski, Erwin"]
[Black "Bitzer, André"]
[Result "1-0"]
[WhiteElo "2266"]
[BlackElo "1720"]
[PlyCount "49"]
[EventDate "2010.??.??"]
[SourceDate "2009.03.13"]
[WhiteTeam "SC Bad Nauheim"]
[BlackTeam "SV Griesheim(DA)"]

1. e4 c6 2. d4 d5 3. Nd2 dxe4 4. Nxe4 Nf6 5. Nxf6+ gxf6 6. Bc4 Bf5 7. Nf3 Qc7
8. Nh4 Bg6 9. O-O Nd7 10. f4 f5 11. Qe2 Qd6 12. c3 e6 13. b4 O-O-O 14. a4 Be7
15. Nf3 Bh5 16. b5 c5 17. Be3 Qc7 18. a5 b6 19. d5 Bf6 20. dxe6 fxe6 21. Bxe6
Bxc3 22. axb6 Qxb6 23. Ra6 Bxf3 24. Rxf3 Qb7 25. Bxc5 1-0

[Event "Frankfurt Ch 2010"]
[Site "Ffm-Kalbach, LAZ"]
[Date "2010.05.10"]
[Round "3.27"]
[White "Bastian, Holger"]
[Black "Benninger, Rudolf"]
[Result "0-1"]
[WhiteElo "1717"]
[BlackElo "2140"]
[PlyCount "102"]
[EventDate "2010.??.??"]
[SourceDate "2009.03.13"]
[WhiteTeam "SC S.-W. Schweinheim"]
[BlackTeam "SC Heusenstamm"]

1. e4 g6 2. d3 Bg7 3. Nf3 c5 4. g3 Nc6 5. Bg2 d6 6. O-O e5 7. c3 Nge7 8. Na3
O-O 9. Be3 f5 10. Ng5 f4 11. Bd2 Bh6 12. Qb3+ Kg7 13. Nf3 g5 14. h3 g4 15. hxg4
Bxg4 16. Nh4 Qd7 17. f3 Be6 18. Qd1 fxg3 19. Bxh6+ Kxh6 20. Qe1 Rg8 21. Qe3+
Kg7 22. f4 Kh8 23. f5 Bf7 24. Qh6 Rg4 25. Qf6+ Rg7 26. Nf3 Ng8 27. Qh4 Qd8 28.
Qh3 Qf6 29. Nc2 Nh6 30. Nd2 Rag8 31. Ne3 Rg5 32. Bf3 g2 33. Rf2 Rg3 34. Qh2 Qg5
35. Re1 Ne7 36. Nd5 Nxd5 37. exd5 Nxf5 38. Ne4 Qh4 39. Qxh4 Nxh4 40. Nxg3 Rxg3
41. Be4 Bg6 42. Bxg2 Bxd3 43. Rf6 Rxg2+ 44. Kh1 Rg6 45. Rf7 Kg8 46. Rxb7 Nf3
47. Rd1 Be2 48. Rc1 Bc4 49. Rd1 Bxd5 50. b4 Bxb7 51. a4 e4 0-1

[Event "Frankfurt Ch 2010"]
[Site "Ffm-Kalbach, LAZ"]
[Date "2010.05.10"]
[Round "3.28"]
[White "Stadtmueller, Harald"]
[Black "Seickel, Ralf"]
[Result "1-0"]
[WhiteElo "2163"]
[BlackElo "1720"]
[PlyCount "79"]
[EventDate "2010.??.??"]
[SourceDate "2009.03.13"]
[WhiteTeam "VSG 1880 Offenbach"]
[BlackTeam "vereinslos"]

1. d4 Nf6 2. Nf3 g6 3. Bf4 Bg7 4. e3 d6 5. Be2 O-O 6. O-O Nh5 7. Bg5 h6 8. Bh4
g5 9. Nfd2 gxh4 10. Bxh5 c5 11. c3 Bf5 12. Qb3 Qc7 13. a4 h3 14. g3 Nc6 15. Na3
b6 16. Bf3 Rab8 17. Qd5 Bd7 18. Qh5 e5 19. Nb5 Qd8 20. d5 Ne7 21. Nxd6 f5 22.
N6c4 e4 23. d6 Nc8 24. Bd1 Rf6 25. Bb3 Kh7 26. Ne5 Nxd6 27. Nxd7 Qxd7 28. Rfd1
Qe7 29. Nc4 Nf7 30. Rd2 Rd8 31. Rxd8 Qxd8 32. Rd1 Qe7 33. Rd2 Ng5 34. Bd1 Qf7
35. Qxf7 Rxf7 36. Be2 Kg6 37. Rd6+ Kh7 38. Kf1 Bf8 39. Rd5 Be7 40. Ne5 1-0

[Event "Frankfurt Ch 2010"]
[Site "Ffm-Kalbach, LAZ"]
[Date "2010.05.10"]
[Round "3.29"]
[White "Wagner, Dirk"]
[Black "Zerhusen, Martin"]
[Result "1-0"]
[WhiteElo "1935"]
[BlackElo "1696"]
[PlyCount "115"]
[EventDate "2010.??.??"]
[SourceDate "2009.03.13"]
[WhiteTeam "Sfr. Frankfurt 1921"]
[BlackTeam "SV Oberursel"]

1. d4 d5 2. c4 c6 3. Nf3 Nf6 4. Nc3 e6 5. Bg5 Be7 6. e3 O-O 7. Bd3 Nbd7 8. O-O
b6 9. Rc1 Bb7 10. a3 c5 11. cxd5 Nxd5 12. Bxe7 Qxe7 13. Nxd5 Bxd5 14. Re1 Bxf3
15. Qxf3 cxd4 16. exd4 Qd6 17. Rcd1 Nf6 18. g4 Rac8 19. g5 Nd5 20. Re4 Rc7 21.
Rde1 g6 22. h4 Ne7 23. h5 Nf5 24. hxg6 hxg6 25. Qh3 Kg7 26. Re5 Rh8 27. Qf3
Qxd4 28. Bxf5 exf5 29. Qg3 Rh4 30. Kf1 Rg4 31. Qh2 Qc4+ 32. R5e2 Rxg5 33. Qe5+
Kh7 34. f3 Rh5 35. Kg2 Qc6 36. b4 Qc3 37. Qf4 Rc4 38. Qd6 Rg5+ 39. Kf2 Qd4+ 40.
Qxd4 Rxd4 41. Re7 a5 42. Rxf7+ Kg8 43. Rb7 Rd8 44. Rxb6 axb4 45. axb4 Rd7 46.
Ree6 Kf7 47. b5 Rc7 48. Rbc6 Rxc6 49. Rxc6 f4 50. b6 Rb5 51. Kg2 Rb3 52. Rc7+
Kf6 53. b7 Kg5 54. Rh7 Rb2+ 55. Kf1 Kf6 56. Ke1 g5 57. Kd1 Kf5 58. Kc1 1-0

[Event "Frankfurt Ch 2010"]
[Site "Ffm-Kalbach, LAZ"]
[Date "2010.05.10"]
[Round "3.30"]
[White "Krischak, Werner"]
[Black "Noblé, Alexander"]
[Result "0-1"]
[WhiteElo "1827"]
[BlackElo "2045"]
[PlyCount "102"]
[EventDate "2010.??.??"]
[SourceDate "2009.03.13"]
[WhiteTeam "SK Marburg 1931/72"]
[BlackTeam "SC Bad Nauheim"]

1. d4 d6 2. Nf3 c6 3. c4 Nf6 4. Nc3 Bf5 5. e3 Nbd7 6. Bd3 Bxd3 7. Qxd3 d5 8.
O-O e6 9. a3 Bd6 10. b4 Rc8 11. Bb2 O-O 12. Rac1 Qe7 13. Rfe1 Rfe8 14. e4 dxe4
15. Nxe4 Bf4 16. Rc2 Nxe4 17. Qxe4 Qd6 18. Ne5 Bg5 19. Rce2 Rcd8 20. h4 f5 21.
Qf3 Bxh4 22. Qh5 Qe7 23. Nxd7 g6 24. Qf3 Qxd7 25. d5 cxd5 26. cxd5 Qxd5 27. Qc3
e5 28. Rxe5 Rxe5 29. Rxe5 Qc6 30. Rd5 Qxc3 31. Rxd8+ Bxd8 32. Bxc3 Kf7 33. b5
Ke6 34. f3 Kd5 35. Bd2 a6 36. bxa6 bxa6 37. Bb4 Bc7 38. Be7 Bd6 39. Bxd6 Kxd6
40. Kf2 h5 41. Ke3 g5 42. g3 Kc5 43. f4 g4 44. Kd3 Kb5 45. Kd4 Ka4 46. Ke5 h4
47. gxh4 g3 48. Kxf5 g2 49. h5 g1=Q 50. h6 Qb1+ 51. Kg5 Qh7 0-1

[Event "Frankfurt Ch 2010"]
[Site "Ffm-Kalbach, LAZ"]
[Date "2010.05.10"]
[Round "3.31"]
[White "Bender, Manfred"]
[Black "Ellrich, Jochen"]
[Result "0-1"]
[WhiteElo "1821"]
[BlackElo "2080"]
[PlyCount "106"]
[EventDate "2010.??.??"]
[SourceDate "2009.03.13"]
[WhiteTeam "Sfr. Taunus"]
[BlackTeam "SK Bad Homburg 1927"]

1. e4 e6 2. d4 d5 3. exd5 exd5 4. Nf3 Bd6 5. Be2 Ne7 6. O-O O-O 7. Nbd2 Re8 8.
c4 c6 9. Re1 Nd7 10. Nf1 Nf8 11. Bd2 dxc4 12. Bxc4 Be6 13. Bd3 Bc7 14. Qc2 Bd5
15. Be4 Bxe4 16. Rxe4 Neg6 17. Rae1 Rxe4 18. Qxe4 Qd6 19. Bc3 Rd8 20. Ne3 Qf4
21. Nf5 Ne6 22. g3 Qxe4 23. Rxe4 Rd5 24. Ne3 Rd7 25. Nf5 Ngf8 26. Kg2 f6 27.
Re2 Bb6 28. Rd2 Nc7 29. Bb4 Nd5 30. Bc3 Ne6 31. Ne3 Nec7 32. Nxd5 Nxd5 33. Kf1
Kf7 34. Ke2 h5 35. Kd3 g5 36. Kc4 Re7 37. Kd3 a6 38. Re2 Rd7 39. Kc4 Ba7 40. a3
Ne7 41. Bd2 Nf5 42. Be3 g4 43. Ne1 b5+ 44. Kb4 Bxd4 45. Bxd4 Nxd4 46. Rd2 c5+
47. Kc3 Ke7 48. Nd3 Ne6 49. Re2 Kf7 50. b4 c4 51. Nb2 Ng5 52. a4 Nf3 53. Nxc4
Rc7 0-1

[Event "Frankfurt Ch 2010"]
[Site "Ffm-Kalbach, LAZ"]
[Date "2010.05.10"]
[Round "3.32"]
[White "Jordake, Michael"]
[Black "Schlößner, Henrik"]
[Result "1-0"]
[WhiteElo "1643"]
[BlackElo "2043"]
[PlyCount "73"]
[EventDate "2010.??.??"]
[SourceDate "2009.03.13"]
[WhiteTeam "SC Bergen-Enkheim 1922"]
[BlackTeam "SV Kinzigtal"]

1. e4 c6 2. d4 d5 3. Nc3 dxe4 4. Nxe4 Nd7 5. Bc4 e6 6. Qe2 Ngf6 7. Ng5 Nb6 8.
Bd3 h6 9. N5f3 Qc7 10. Ne5 Bd6 11. Ngf3 Nbd5 12. O-O Nb4 13. Bc4 b5 14. Bb3 O-O
15. c3 Nbd5 16. Rd1 a6 17. c4 bxc4 18. Qxc4 c5 19. Qe2 a5 20. Bc4 Bb7 21. b3
Nc3 22. Qd3 Nxd1 23. Qxd1 Rad8 24. Qe2 cxd4 25. Bb2 Bxf3 26. Nxf3 e5 27. Rc1
Rc8 28. h3 Qe7 29. Rd1 Rfd8 30. g3 Kf8 31. Nh4 Qd7 32. g4 g6 33. Qf3 Kg7 34.
Bc1 e4 35. Bxh6+ Kxh6 36. Qxf6 Be7 37. g5+ 1-0

[Event "Frankfurt Ch 2010"]
[Site "Ffm-Kalbach, LAZ"]
[Date "2010.05.10"]
[Round "3.33"]
[White "Henzelmann, Klaus"]
[Black "Wolff, Juergen"]
[Result "1-0"]
[WhiteElo "2101"]
[BlackElo "1696"]
[PlyCount "51"]
[EventDate "2010.??.??"]
[SourceDate "2009.03.13"]
[WhiteTeam "SK 1858 Gießen"]
[BlackTeam "SC 1933 Somborn"]

1. e4 c5 2. f4 d5 3. exd5 Nf6 4. c4 e6 5. dxe6 Bxe6 6. Nf3 Nc6 7. Be2 Be7 8. d3
O-O 9. Nc3 Qd7 10. Be3 Rad8 11. a3 Bf5 12. Qd2 Bxd3 13. Rd1 Bf5 14. Qxd7 Bxd7
15. h3 Be6 16. Kf2 b6 17. Ng5 Bf5 18. g4 Bc2 19. Rc1 Bb3 20. Nf3 Nd4 21. Nd2
Rfe8 22. Nxb3 Nxb3 23. Rcd1 Bd6 24. Bf3 Na5 25. g5 Nxc4 26. Bc1 1-0

[Event "Frankfurt Ch 2010"]
[Site "Ffm-Kalbach, LAZ"]
[Date "2010.05.10"]
[Round "3.34"]
[White "Schellen, Sven"]
[Black "Seifert, Norbert"]
[Result "1/2-1/2"]
[WhiteElo "1633"]
[BlackElo "2054"]
[PlyCount "133"]
[EventDate "2010.??.??"]
[SourceDate "2009.03.13"]
[WhiteTeam "Sfr. Frankfurt 1921"]
[BlackTeam "Sfr. Neuberg"]

1. d4 Nf6 2. Nf3 g6 3. e3 Bg7 4. Bd3 O-O 5. Nbd2 b6 6. O-O Ba6 7. Bxa6 Nxa6 8.
c3 c5 9. Rb1 b5 10. Qe2 Rb8 11. a4 Qa5 12. axb5 Rxb5 13. dxc5 Rfb8 14. Nd4 R5b7
15. c6 Rc7 16. cxd7 Nxd7 17. Nc2 Qb6 18. Rd1 Nac5 19. e4 Qb7 20. f3 Qc8 21. Nb4
e6 22. Ra1 Bh6 23. Nd3 Nxd3 24. Qxd3 Nc5 25. Qc2 Bg7 26. Ra3 Bf8 27. Ra2 Qb7
28. b4 Nd7 29. Qa4 Ne5 30. Nb1 Nc4 31. Na3 Nb6 32. Qb3 Rbc8 33. Nb5 Rc6 34. Rd3
a6 35. Nd4 Rc4 36. Be3 Nd7 37. Ne2 Bg7 38. Qa4 Ne5 39. Rd4 R4c6 40. Rad2 h5 41.
Rd8+ Kh7 42. Rxc8 Qxc8 43. Bc5 Nc4 44. Rc2 Bh6 45. Qb3 Qd7 46. Nd4 Be3+ 47. Kf1
Bxd4 48. cxd4 Nd6 49. Qa4 Nb5 50. Qa1 Nxd4 51. Rd2 e5 52. Qb2 Qc7 53. Bxd4 exd4
54. Qxd4 Qxh2 55. Qd7 Rc1+ 56. Kf2 Qh4+ 57. g3 Qh2+ 58. Ke3 Qg1+ 59. Kf4 g5+
60. Kf5 Kg7 61. Rd6 Rc5+ 62. bxc5 Qxc5+ 63. e5 Qc2+ 64. Kxg5 Qc1+ 65. f4 Qc4
66. Rg6+ Kh7 67. Rh6+ 1/2-1/2

[Event "Frankfurt Ch 2010"]
[Site "Ffm-Kalbach, LAZ"]
[Date "2010.05.10"]
[Round "3.35"]
[White "Ganjian, Mehrdad"]
[Black "Cipca, Adrian"]
[Result "1-0"]
[WhiteElo "1890"]
[BlackElo "1689"]
[PlyCount "39"]
[EventDate "2010.??.??"]
[SourceDate "2009.03.13"]
[WhiteTeam "Sfr. Frankfurt 1921"]
[BlackTeam "SK Bad Homburg 1927"]

1. d4 d5 2. Nf3 Nf6 3. Bf4 e6 4. e3 Bd6 5. Ne5 O-O 6. Nd2 Nbd7 7. Bd3 c5 8. c3
Qc7 9. Ndf3 h6 10. h4 a5 11. g4 h5 12. gxh5 Nxh5 13. Nxd7 Bxf4 14. Ng5 g6 15.
Nxf8 Bxg5 16. Nxg6 Ng3 17. hxg5 fxg6 18. fxg3 Qxg3+ 19. Kd2 e5 20. Qg1 1-0

[Event "Frankfurt Ch 2010"]
[Site "Ffm-Kalbach, LAZ"]
[Date "2010.05.10"]
[Round "3.36"]
[White "Faqiry, Ramat"]
[Black "Rauscher, Joachim"]
[Result "1-0"]
[WhiteElo "1977"]
[BlackElo "1651"]
[PlyCount "57"]
[EventDate "2010.??.??"]
[SourceDate "2009.03.13"]
[WhiteTeam "SK Bad Homburg 1927"]
[BlackTeam "SC Brett vor'm Kopp Ffm"]

1. d4 d5 2. c4 e6 3. Nc3 Nf6 4. Nf3 Be7 5. g4 b6 6. Ne5 Bb7 7. Bg2 c6 8. Qa4
Nfd7 9. cxd5 exd5 10. Be3 b5 11. Qc2 Nxe5 12. dxe5 Bc8 13. O-O-O Be6 14. f4 Na6
15. f5 Bg5 16. Qd2 Bxe3 17. Qxe3 Bd7 18. f6 gxf6 19. exf6+ Be6 20. g5 b4 21.
Na4 Qa5 22. b3 Rc8 23. Qxa7 Rc7 24. Qe3 Rg8 25. h4 Kd7 26. Qb6 Qb5 27. e4 Rb8
28. Qe3 Re8 29. Bf1 1-0

[Event "Frankfurt Ch 2010"]
[Site "Ffm-Kalbach, LAZ"]
[Date "2010.05.10"]
[Round "3.37"]
[White "Mager, Denis"]
[Black "Poetsch, Gero"]
[Result "0-1"]
[WhiteElo "1538"]
[BlackElo "2015"]
[PlyCount "149"]
[EventDate "2010.??.??"]
[SourceDate "2009.03.13"]
[WhiteTeam "TuS Makkabi Ffm"]
[BlackTeam "SC Nidderau"]

1. Nf3 e6 2. d4 c5 3. c3 d5 4. Bf4 Nc6 5. Nbd2 Nf6 6. e3 cxd4 7. exd4 Be7 8.
Bd3 Nh5 9. Be3 Nf6 10. O-O O-O 11. Re1 Bd6 12. Nf1 b6 13. Ng3 Bb7 14. Qd2 Ne7
15. Bf4 Bxf4 16. Qxf4 Ng6 17. Qd2 Qd6 18. Ne5 Rac8 19. f4 Nd7 20. Qe3 Ndxe5 21.
fxe5 Qe7 22. Ne2 Bc6 23. Rf1 Qd7 24. Rf2 Bb5 25. Bc2 Bxe2 26. Qxe2 Rc7 27. Raf1
Rb7 28. g3 b5 29. h4 b4 30. h5 Nh8 31. Qd3 g6 32. g4 Qe7 33. Rf6 bxc3 34. bxc3
Rc7 35. Qd2 Qa3 36. R1f3 Qxa2 37. g5 Rb7 38. Rf2 Rc7 39. Qe1 Qc4 40. R2f3 Qa2
41. Rf2 Qc4 42. h6 Qxc3 43. Qxc3 Rxc3 44. Kg2 Rfc8 45. Bb1 Rb3 46. Ba2 Rb4 47.
Rd2 a5 48. Kf2 a4 49. Ke2 a3 50. Rf3 Ra8 51. Kd3 Kf8 52. Rc2 Ke8 53. Rf1 Rb2
54. Rff2 Rxc2 55. Rxc2 Kd7 56. Rc3 Ra6 57. Kd2 f5 58. gxf6 Nf7 59. Rg3 Ra7 60.
Kc2 Ra4 61. Kc3 Kc6 62. Rg1 Nxh6 63. Rh1 Nf7 64. Rxh7 Ra7 65. Rg7 g5 66. Rg8
Kd7 67. Rg7 Kc6 68. Rh7 Kb5 69. Rh1 Ka4 70. Rb1 Rc7+ 71. Kd3 Nh6 72. Rb6 g4 73.
Rb1 g3 74. Rg1 Nf5 75. Bxd5 0-1

[Event "Frankfurt Ch 2010"]
[Site "Ffm-Kalbach, LAZ"]
[Date "2010.05.10"]
[Round "3.38"]
[White "Janke, Christian"]
[Black "Waschke, Thomas"]
[Result "1-0"]
[WhiteElo "1859"]
[BlackElo "1641"]
[PlyCount "47"]
[EventDate "2010.??.??"]
[SourceDate "2009.03.13"]
[WhiteTeam "SV Spr.Siershahn"]
[BlackTeam "SC Bergen-Enkheim 1922"]

1. e4 e5 2. f4 Bc5 3. Nf3 d6 4. Bc4 Nf6 5. d3 Nc6 6. Nc3 O-O 7. Na4 Nd7 8. f5
h6 9. g4 Nd4 10. h4 Nxf3+ 11. Qxf3 d5 12. Bxd5 Be7 13. g5 c6 14. Bb3 b5 15.
gxh6 Bxh4+ 16. Kd1 bxa4 17. hxg7 axb3 18. gxf8=Q+ Kxf8 19. axb3 Bf6 20. Be3 Bb7
21. Rh7 Ke7 22. Qh5 Qg8 23. Ke2 Nf8 24. Rh6 1-0

[Event "Frankfurt Ch 2010"]
[Site "Ffm-Kalbach, LAZ"]
[Date "2010.05.10"]
[Round "3.39"]
[White "Abrahamyan, Arsen"]
[Black "Gutacker, Stephan"]
[Result "0-1"]
[WhiteElo "1664"]
[BlackElo "1936"]
[PlyCount "38"]
[EventDate "2010.??.??"]
[SourceDate "2009.03.13"]
[WhiteTeam "Frankfurter TV 1860"]
[BlackTeam "Sfr.1932 Kelkheim"]

1. e4 e5 2. Nf3 Nc6 3. d4 exd4 4. Nxd4 Bc5 5. Be3 Qf6 6. c3 Nge7 7. Bc4 Ne5 8.
Bb3 d6 9. h3 O-O 10. Bc2 Nc4 11. b3 Nxe3 12. fxe3 Qh4+ 13. Kf1 f5 14. exf5 Bxf5
15. Nf3 Bxc2 16. Qxc2 Nd5 17. Ke2 Qg3 18. Nbd2 Nxe3 19. Qe4 Rae8 0-1

[Event "Frankfurt Ch 2010"]
[Site "Ffm-Kalbach, LAZ"]
[Date "2010.05.10"]
[Round "3.40"]
[White "Dages, Rolf Hermann"]
[Black "Roccasalvo, Giuseppe"]
[Result "0-1"]
[WhiteElo "1600"]
[BlackElo "1854"]
[PlyCount "40"]
[EventDate "2010.??.??"]
[SourceDate "2009.03.13"]
[WhiteTeam "SC Eschborn 1974"]
[BlackTeam "SF Plochingen"]

1. d4 Nf6 2. Nc3 d5 3. e4 Nxe4 4. Nxe4 dxe4 5. Bb5+ c6 6. Bc4 Bf5 7. f3 e6 8.
Be3 Nd7 9. Qd2 Bd6 10. O-O-O Nb6 11. Bb3 Qe7 12. Bg5 f6 13. g4 fxg5 14. gxf5
Bf4 15. Qxf4 gxf4 16. fxe4 exf5 17. exf5 Qe3+ 18. Kb1 O-O-O 19. c3 Qe4+ 20. Kc1
Qxh1 0-1

[Event "Frankfurt Ch 2010"]
[Site "Ffm-Kalbach, LAZ"]
[Date "2010.05.10"]
[Round "3.41"]
[White "Steiz, Johann"]
[Black "Kulenovic, Adnan"]
[Result "0-1"]
[WhiteElo "1593"]
[BlackElo "1799"]
[PlyCount "98"]
[EventDate "2010.??.??"]
[SourceDate "2009.03.13"]
[WhiteTeam "ESV Grossenbaum 1973"]
[BlackTeam "SK Springer Rodenbach"]

1. e4 e5 2. Nf3 f5 3. exf5 e4 4. Ne5 Nf6 5. Be2 d6 6. Bh5+ Ke7 7. Nf7 Qe8 8.
Nxh8 Qxh5 9. Qxh5 Nxh5 10. g4 Nf6 11. Rg1 Nc6 12. Nc3 Nd4 13. Kd1 Nf3 14. Rg2
c6 15. g5 Nh5 16. Nxe4 Bxf5 17. d3 Bh3 18. Ng3 Bxg2 19. Nxh5 Ne5 20. Ng3 g6 21.
f4 Bg7 22. fxe5 Bxe5 23. Nxg6+ hxg6 24. c3 Rh8 25. d4 Bf3+ 26. Ke1 Bxg3+ 27.
hxg3 Rh2 28. Kf1 Ke6 29. a4 Kf5 30. Kg1 Rg2+ 31. Kf1 Kg4 32. Bf4 d5 33. b4 Rc2
34. Rc1 Ra2 35. a5 Be2+ 36. Kg1 Kf3 37. Bb8 a6 38. Bf4 Bd3 39. Re1 Rg2+ 40. Kh1
Be4 41. c4 Kf2 42. Rxe4 dxe4 43. d5 Rg1+ 44. Kh2 Rd1 45. d6 e3 46. g4 Kf3 47.
Bxe3 Kxe3 48. c5 Kf3 49. b5 axb5 0-1

[Event "Frankfurt Ch 2010"]
[Site "Ffm-Kalbach, LAZ"]
[Date "2010.05.10"]
[Round "3.42"]
[White "Geringer, Waldemar"]
[Black "Schwabe, Michael"]
[Result "1-0"]
[WhiteElo "1949"]
[BlackElo "1896"]
[PlyCount "161"]
[EventDate "2010.??.??"]
[SourceDate "2009.03.13"]
[WhiteTeam "SC 1950 Eppertshausen"]
[BlackTeam "Chess Tigers SFV"]

1. d4 d5 2. Nf3 Nf6 3. c4 c6 4. g3 Bf5 5. Bg2 e6 6. O-O Nbd7 7. Bf4 Be7 8. b3
O-O 9. Nbd2 h6 10. cxd5 exd5 11. Ne5 Re8 12. Ndf3 Nxe5 13. Bxe5 Bd6 14. e3 Bg4
15. Bxd6 Qxd6 16. h3 Bf5 17. Ne5 Nd7 18. Qh5 Nxe5 19. Qxf5 Qg6 20. Qxg6 Nxg6
21. b4 a6 22. a4 Rad8 23. Rfc1 Ne7 24. b5 f5 25. bxa6 bxa6 26. a5 Rb8 27. Bf1
Ra8 28. Rcb1 Nc8 29. Rb7 Re7 30. Rab1 Rxb7 31. Rxb7 Kf8 32. Bxa6 Rxa6 33. Rb8
Rxa5 34. Rxc8+ Ke7 35. Rc7+ Kf8 36. Rxc6 Ke7 37. Kg2 Ra7 38. Rg6 Kf7 39. Rd6
Ra5 40. Kf3 Ke7 41. Rg6 Kf7 42. Rc6 g6 43. Kf4 Ra2 44. f3 Rf2 45. h4 g5+ 46.
hxg5 hxg5+ 47. Kxf5 Rxf3+ 48. Kxg5 Rxe3 49. g4 Re4 50. Kf5 Rxd4 51. Rc7+ Kg8
52. g5 Rc4 53. Rd7 d4 54. Kg6 Rc6+ 55. Kh5 d3 56. Rxd3 Rc7 57. Rd6 Rh7+ 58. Kg4
Rb7 59. Rg6+ Kf7 60. Kh5 Kf8 61. Kh6 Rb1 62. Rf6+ Kg8 63. Kg6 Rb7 64. Kh5 Kg7
65. Rg6+ Kf8 66. Kh6 Rb1 67. Rg7 Rh1+ 68. Kg6 Rb1 69. Ra7 Rf1 70. Ra8+ Ke7 71.
Kg7 Rg1 72. g6 Rg2 73. Ra4 Rg1 74. Re4+ Kd6 75. Kf7 Rf1+ 76. Kg8 Kd7 77. g7 Rg1
78. Kf7 Rf1+ 79. Kg6 Rg1+ 80. Kf6 Rf1+ 81. Kg5 1-0

[Event "Frankfurt Ch 2010"]
[Site "Ffm-Kalbach, LAZ"]
[Date "2010.05.10"]
[Round "3.43"]
[White "Biegel, Thomas"]
[Black "Wehhofer, Josef"]
[Result "1-0"]
[WhiteElo "2021"]
[BlackElo "1598"]
[PlyCount "59"]
[EventDate "2010.??.??"]
[SourceDate "2009.03.13"]
[WhiteTeam "SC Eschborn 1974"]
[BlackTeam "SV Schachf.Darmstadt 1994"]

1. Nf3 c5 2. b3 d5 3. Bb2 Nc6 4. e3 e6 5. d4 Nf6 6. Bd3 cxd4 7. exd4 Bd6 8. O-O
O-O 9. a3 Rb8 10. Qe2 h6 11. Nbd2 a6 12. Ne5 Qc7 13. f4 Bxe5 14. fxe5 Ne8 15.
Qh5 f5 16. exf6 Nxf6 17. Qe2 Bd7 18. Nf3 Ng4 19. g3 b5 20. Kg2 Ne7 21. Bc1 Nf5
22. Bf4 e5 23. Nxe5 Nxd4 24. Nxd7 Qxd7 25. Qd2 Rbc8 26. h3 Nf6 27. Be5 Ne6 28.
Bxf6 Rxf6 29. Rxf6 gxf6 30. Qxh6 1-0

[Event "Frankfurt Ch 2010"]
[Site "Ffm-Kalbach, LAZ"]
[Date "2010.05.10"]
[Round "3.44"]
[White "Goldt, Rainer"]
[Black "Richter, Wolfram"]
[Result "1-0"]
[WhiteElo "1824"]
[BlackElo "1560"]
[PlyCount "55"]
[EventDate "2010.??.??"]
[SourceDate "2009.03.13"]
[WhiteTeam "Kreuznacher SV 1921"]
[BlackTeam "SK Bad Sooden-Allendorf"]

1. d4 d6 2. e4 Nf6 3. Nc3 g6 4. f3 Nbd7 5. Be3 c6 6. Qd2 Bg7 7. O-O-O b5 8. Bh6
O-O 9. Bxg7 Kxg7 10. h4 Qa5 11. Kb1 Nb6 12. Nh3 Be6 13. b3 Nbd7 14. Nf4 d5 15.
e5 Ne8 16. h5 Rh8 17. hxg6 hxg6 18. Nxe6+ fxe6 19. Bd3 Nf8 20. Rxh8 Kxh8 21.
Qh6+ Kg8 22. Ne2 Ng7 23. g4 Qd8 24. Nf4 Nf5 25. gxf5 exf5 26. Nxg6 Qd7 27. Bxf5
e6 28. Nxf8 1-0

[Event "Frankfurt Ch 2010"]
[Site "Ffm-Kalbach, LAZ"]
[Date "2010.05.10"]
[Round "3.45"]
[White "Jaklitsch, Albert"]
[Black "Braunberger, Gerald"]
[Result "0-1"]
[WhiteElo "1534"]
[BlackElo "1902"]
[PlyCount "92"]
[EventDate "2010.??.??"]
[SourceDate "2009.03.13"]
[WhiteTeam "vereinslos"]
[BlackTeam "Chess Tigers SFV"]

1. e4 d5 2. exd5 Qxd5 3. Nc3 Qd6 4. d4 g6 5. Nf3 Bg7 6. Bb5+ Bd7 7. Qd3 Nf6 8.
O-O O-O 9. Bc4 Bf5 10. Qe2 Nc6 11. Nb5 Qd8 12. Be3 b6 13. Na3 Bg4 14. c3 e5 15.
h3 exd4 16. cxd4 Bxf3 17. Qxf3 Na5 18. b4 Nxc4 19. Nxc4 Qd5 20. Nd2 Qxf3 21.
Nxf3 Nd5 22. Rac1 c6 23. a3 Rfe8 24. Rfe1 a5 25. bxa5 Nxe3 26. fxe3 Rxa5 27.
Rc3 h6 28. Rb3 Ra7 29. Rd1 Rea8 30. Rdb1 Rxa3 31. Rxb6 Rxe3 32. Rb8+ Rxb8 33.
Rxb8+ Kh7 34. Rb7 Rxf3 35. gxf3 Bxd4+ 36. Kf1 Kg7 37. Rc7 c5 38. Rd7 Kf6 39.
Ke2 Ke6 40. Rd8 Kf5 41. Rd7 f6 42. h4 h5 43. Rd5+ Kf4 44. Rd8 Ke5 45. Rg8 Kf5
46. Rh8 c4 0-1